Statistics for Top 15 Countries with Covid-19 Deaths - 28 August

Click here to take the quiz!

General Stats

  • This quiz has been taken 17 times
  • The average score is 15 of 19

Answer Stats

country% Correct
France
100%
India
100%
Mexico
100%
Spain
100%
United Kingdom
100%
United States
100%
Brazil
94%
Russia
94%
Italy
82%
Peru
82%
Colombia
76%
Iran
76%
Chile
71%
South Africa
71%
Sweden
71%
Belgium
65%
Ecuador
53%
Bolivia
35%
Panama
35%

Score Distribution

Percentile by Number Answered

Percent of People with Each Score

Your Score History

You have not taken this quiz